Fr. Conceicao Rodrigues College of Engineering

Spice for circuits and electronics using (Record no. 26798)

MARC details
000 -LEADER
fixed length control field 00291nam a2200133Ia 4500
082 ## - DEWEY DECIMAL CLASSIFICATION NUMBER
Classification number 621.381
Item number RAS
100 ## - MAIN ENTRY--PERSONAL NAME
Personal name Rashid/M.H
245 ## - TITLE STATEMENT
Title Spice for circuits and electronics using
260 ## - PUBLICATION, DISTRIBUTION, ETC.
Name of publisher, distributor, etc. Prentice -Hall
Date of publication, distribution, etc. 2002
300 ## - PHYSICAL DESCRIPTION
Extent 364
546 ## - LANGUAGE NOTE
Language note ENGLISH
654 ## - SUBJECT ADDED ENTRY--FACETED TOPICAL TERMS
Focus term spice
942 ## - ADDED ENTRY ELEMENTS (KOHA)
Koha item type BOOK
Holdings
Withdrawn status Lost status Damaged status Not for loan Collection Home library Current library Date acquired Total Checkouts Full call number Barcode Date last seen Price effective from Koha item type
        CRC Fr. Agnel's C.Rodrigues College of Engineering Fr. Agnel's C.Rodrigues College of Engineering 17/03/2023   621.381 RAS 13375 17/03/2023 17/03/2023 BOOK